000 00568nai a2200181Ia 4500
003 IN-BaIIA
008 211028c9999 xx s 000 0 eng d
022 _a0015-9018 (Print)
022 _a1572-9516 (Online)
040 _cIIA Library
245 0 _aFoundations of Physics
_h[eJournal]
260 _aNew York, USA
_bSpringer US
310 _aMonthly
362 _a27(1); 1997 - Present
521 _bSubscribed through National Knowledge Resource Consortium (NKRC)
856 _uhttps://www.springer.com/journal/10701
_yClick Here to Access eJournal
942 _cEJ
999 _c34399
_d34399